| 000 | 00373nam a2200133Ia 4500 | ||
|---|---|---|---|
| 008 | 231129s1997||||xx |||||||||||||| ||spa|| | ||
| 040 | _bspa | ||
| 082 | _a986.148 A673b | ||
| 100 | _aArchila N. Mauricio | ||
| 245 | 0 | _aBogota historia comun: guia para el concurso de historias barriales y veredales | |
| 260 | _c1997 | ||
| 264 | _aEscuela de Tejedores | ||
| 942 |
_2ddc _cBKS |
||
| 999 |
_c6244 _d6244 |
||